<?xml version="1.0" encoding="UTF-8"?>
<record
    xmlns:xsi="http://www.w3.org/2001/XMLSchema-instance"
    xsi:schemaLocation="http://www.loc.gov/MARC21/slim http://www.loc.gov/standards/marcxml/schema/MARC21slim.xsd"
    xmlns="http://www.loc.gov/MARC21/slim">

  <leader>00448nam a22001697a 4500</leader>
  <controlfield tag="005">20180813155426.0</controlfield>
  <controlfield tag="008">160531b        xxu||||| |||| 00| 0 eng d</controlfield>
  <datafield tag="020" ind1=" " ind2=" ">
    <subfield code="a">978-0-07-014495-8</subfield>
  </datafield>
  <datafield tag="041" ind1=" " ind2=" ">
    <subfield code="a">eng</subfield>
  </datafield>
  <datafield tag="082" ind1=" " ind2=" ">
    <subfield code="b">6286</subfield>
    <subfield code="a">658.4</subfield>
  </datafield>
  <datafield tag="100" ind1=" " ind2=" ">
    <subfield code="a">Koontz, Harold &amp; Weihrich, Heinz</subfield>
    <subfield code="9">1577</subfield>
  </datafield>
  <datafield tag="245" ind1=" " ind2=" ">
    <subfield code="a">Essentials of Management:an international perspective</subfield>
  </datafield>
  <datafield tag="260" ind1=" " ind2=" ">
    <subfield code="b">TMH</subfield>
    <subfield code="c">2009</subfield>
    <subfield code="a">delhi</subfield>
  </datafield>
  <datafield tag="300" ind1=" " ind2=" ">
    <subfield code="a">446p,</subfield>
  </datafield>
  <datafield tag="650" ind1=" " ind2=" ">
    <subfield code="a">Management</subfield>
    <subfield code="9">241</subfield>
  </datafield>
  <datafield tag="942" ind1=" " ind2=" ">
    <subfield code="c">BK</subfield>
  </datafield>
  <datafield tag="999" ind1=" " ind2=" ">
    <subfield code="c">2227</subfield>
    <subfield code="d">2226</subfield>
  </datafield>
  <datafield tag="952" ind1=" " ind2=" ">
    <subfield code="0">0</subfield>
    <subfield code="1">0</subfield>
    <subfield code="4">0</subfield>
    <subfield code="7">0</subfield>
    <subfield code="a">JRU</subfield>
    <subfield code="c">SHELF - 19 - J</subfield>
    <subfield code="d">2016-05-31</subfield>
    <subfield code="g">285.00</subfield>
    <subfield code="l">2</subfield>
    <subfield code="m">1</subfield>
    <subfield code="o">658.4</subfield>
    <subfield code="p">6286</subfield>
    <subfield code="r">2019-12-03 00:00:00</subfield>
    <subfield code="s">2019-11-27</subfield>
    <subfield code="w">2016-05-31</subfield>
    <subfield code="y">BK</subfield>
  </datafield>
  <datafield tag="952" ind1=" " ind2=" ">
    <subfield code="0">0</subfield>
    <subfield code="1">0</subfield>
    <subfield code="4">0</subfield>
    <subfield code="7">0</subfield>
    <subfield code="8">MANAGEMENT</subfield>
    <subfield code="a">JRU</subfield>
    <subfield code="b">JRU</subfield>
    <subfield code="c">SHELF-65-I</subfield>
    <subfield code="d">2016-05-31</subfield>
    <subfield code="g">285.00</subfield>
    <subfield code="l">0</subfield>
    <subfield code="o">658.4</subfield>
    <subfield code="p">6287</subfield>
    <subfield code="r">2016-05-31 00:00:00</subfield>
    <subfield code="w">2016-05-31</subfield>
    <subfield code="y">BK</subfield>
  </datafield>
  <datafield tag="952" ind1=" " ind2=" ">
    <subfield code="0">0</subfield>
    <subfield code="1">0</subfield>
    <subfield code="4">0</subfield>
    <subfield code="7">0</subfield>
    <subfield code="8">MANAGEMENT</subfield>
    <subfield code="a">JRU</subfield>
    <subfield code="b">JRU</subfield>
    <subfield code="c">SHELF-65-I</subfield>
    <subfield code="d">2016-05-31</subfield>
    <subfield code="g">285.00</subfield>
    <subfield code="l">1</subfield>
    <subfield code="o">658.4</subfield>
    <subfield code="p">6288</subfield>
    <subfield code="r">2025-01-13 12:58:19</subfield>
    <subfield code="s">2024-11-27</subfield>
    <subfield code="w">2016-05-31</subfield>
    <subfield code="y">BK</subfield>
  </datafield>
  <datafield tag="952" ind1=" " ind2=" ">
    <subfield code="0">0</subfield>
    <subfield code="1">0</subfield>
    <subfield code="4">0</subfield>
    <subfield code="7">0</subfield>
    <subfield code="a">JRU</subfield>
    <subfield code="c">SHELF-65-I</subfield>
    <subfield code="d">2016-05-31</subfield>
    <subfield code="g">285.00</subfield>
    <subfield code="l">0</subfield>
    <subfield code="o">658.4</subfield>
    <subfield code="p">6289</subfield>
    <subfield code="r">2016-05-31 00:00:00</subfield>
    <subfield code="w">2016-05-31</subfield>
    <subfield code="y">BK</subfield>
  </datafield>
  <datafield tag="952" ind1=" " ind2=" ">
    <subfield code="0">0</subfield>
    <subfield code="1">0</subfield>
    <subfield code="4">0</subfield>
    <subfield code="7">0</subfield>
    <subfield code="8">MANAGEMENT</subfield>
    <subfield code="a">JRU</subfield>
    <subfield code="b">JRU</subfield>
    <subfield code="c">SHELF-65-I</subfield>
    <subfield code="d">2016-05-31</subfield>
    <subfield code="g">285.00</subfield>
    <subfield code="l">0</subfield>
    <subfield code="o">658.4</subfield>
    <subfield code="p">6290</subfield>
    <subfield code="r">2016-05-31 00:00:00</subfield>
    <subfield code="w">2016-05-31</subfield>
    <subfield code="y">BK</subfield>
  </datafield>
  <datafield tag="952" ind1=" " ind2=" ">
    <subfield code="0">0</subfield>
    <subfield code="1">0</subfield>
    <subfield code="4">0</subfield>
    <subfield code="7">0</subfield>
    <subfield code="8">MANAGEMENT</subfield>
    <subfield code="a">JRU</subfield>
    <subfield code="b">JRU</subfield>
    <subfield code="c">SHELF-75-J</subfield>
    <subfield code="d">2016-05-31</subfield>
    <subfield code="g">285.00</subfield>
    <subfield code="l">2</subfield>
    <subfield code="o">658.4</subfield>
    <subfield code="p">6291</subfield>
    <subfield code="r">2022-12-31 00:00:00</subfield>
    <subfield code="s">2022-12-31</subfield>
    <subfield code="w">2016-05-31</subfield>
    <subfield code="y">BK</subfield>
  </datafield>
  <datafield tag="952" ind1=" " ind2=" ">
    <subfield code="0">0</subfield>
    <subfield code="1">0</subfield>
    <subfield code="4">0</subfield>
    <subfield code="7">0</subfield>
    <subfield code="8">MANAGEMENT</subfield>
    <subfield code="a">JRU</subfield>
    <subfield code="b">JRU</subfield>
    <subfield code="c">SHELF-65-I</subfield>
    <subfield code="d">2016-05-31</subfield>
    <subfield code="g">285.00</subfield>
    <subfield code="l">1</subfield>
    <subfield code="o">658.4</subfield>
    <subfield code="p">6292</subfield>
    <subfield code="r">2019-04-23 00:00:00</subfield>
    <subfield code="s">2019-04-03</subfield>
    <subfield code="w">2016-05-31</subfield>
    <subfield code="y">BK</subfield>
  </datafield>
  <datafield tag="952" ind1=" " ind2=" ">
    <subfield code="0">0</subfield>
    <subfield code="1">0</subfield>
    <subfield code="4">0</subfield>
    <subfield code="7">0</subfield>
    <subfield code="8">MANAGEMENT</subfield>
    <subfield code="a">JRU</subfield>
    <subfield code="b">JRU</subfield>
    <subfield code="c">SHELF-65-I</subfield>
    <subfield code="d">2016-05-31</subfield>
    <subfield code="g">285.00</subfield>
    <subfield code="l">1</subfield>
    <subfield code="m">1</subfield>
    <subfield code="o">658.4</subfield>
    <subfield code="p">6293</subfield>
    <subfield code="r">2019-11-20 00:00:00</subfield>
    <subfield code="s">2019-11-06</subfield>
    <subfield code="w">2016-05-31</subfield>
    <subfield code="y">BK</subfield>
  </datafield>
  <datafield tag="952" ind1=" " ind2=" ">
    <subfield code="0">0</subfield>
    <subfield code="1">0</subfield>
    <subfield code="4">0</subfield>
    <subfield code="7">0</subfield>
    <subfield code="8">NFIC</subfield>
    <subfield code="a">JRU</subfield>
    <subfield code="b">MAIN</subfield>
    <subfield code="c">SHELF-30-F</subfield>
    <subfield code="d">2016-05-31</subfield>
    <subfield code="g">285.00</subfield>
    <subfield code="l">0</subfield>
    <subfield code="o">658.4</subfield>
    <subfield code="p">6294</subfield>
    <subfield code="r">2016-05-31 00:00:00</subfield>
    <subfield code="w">2016-05-31</subfield>
    <subfield code="y">BK</subfield>
  </datafield>
  <datafield tag="952" ind1=" " ind2=" ">
    <subfield code="0">0</subfield>
    <subfield code="1">0</subfield>
    <subfield code="4">0</subfield>
    <subfield code="7">0</subfield>
    <subfield code="8">MANAGEMENT</subfield>
    <subfield code="a">JRU</subfield>
    <subfield code="b">JRU</subfield>
    <subfield code="c">SHELF-65-I</subfield>
    <subfield code="d">2016-05-31</subfield>
    <subfield code="g">285.00</subfield>
    <subfield code="l">0</subfield>
    <subfield code="o">658.4</subfield>
    <subfield code="p">6295</subfield>
    <subfield code="r">2016-05-31 00:00:00</subfield>
    <subfield code="w">2016-05-31</subfield>
    <subfield code="y">BK</subfield>
  </datafield>
  <datafield tag="952" ind1=" " ind2=" ">
    <subfield code="0">0</subfield>
    <subfield code="1">0</subfield>
    <subfield code="4">0</subfield>
    <subfield code="7">0</subfield>
    <subfield code="a">JRU</subfield>
    <subfield code="c">SHELF - 19 - J</subfield>
    <subfield code="d">2016-05-31</subfield>
    <subfield code="g">285.00</subfield>
    <subfield code="l">2</subfield>
    <subfield code="o">658.4</subfield>
    <subfield code="p">6296</subfield>
    <subfield code="r">2022-12-16 00:00:00</subfield>
    <subfield code="s">2022-09-28</subfield>
    <subfield code="w">2016-05-31</subfield>
    <subfield code="y">BK</subfield>
  </datafield>
  <datafield tag="952" ind1=" " ind2=" ">
    <subfield code="0">0</subfield>
    <subfield code="1">0</subfield>
    <subfield code="4">0</subfield>
    <subfield code="7">0</subfield>
    <subfield code="a">JRU</subfield>
    <subfield code="c">SHELF-65-I</subfield>
    <subfield code="d">2016-05-31</subfield>
    <subfield code="g">285.00</subfield>
    <subfield code="l">2</subfield>
    <subfield code="o">658.4</subfield>
    <subfield code="p">6297</subfield>
    <subfield code="r">2019-12-10 00:00:00</subfield>
    <subfield code="s">2019-11-27</subfield>
    <subfield code="w">2016-05-31</subfield>
    <subfield code="y">BK</subfield>
  </datafield>
  <datafield tag="952" ind1=" " ind2=" ">
    <subfield code="0">0</subfield>
    <subfield code="1">0</subfield>
    <subfield code="4">0</subfield>
    <subfield code="7">0</subfield>
    <subfield code="a">JRU</subfield>
    <subfield code="c">SHELF - 19 - J</subfield>
    <subfield code="d">2016-05-31</subfield>
    <subfield code="g">285.00</subfield>
    <subfield code="l">2</subfield>
    <subfield code="o">658.4</subfield>
    <subfield code="p">6298</subfield>
    <subfield code="r">2019-11-21 00:00:00</subfield>
    <subfield code="s">2019-11-16</subfield>
    <subfield code="w">2016-05-31</subfield>
    <subfield code="y">BK</subfield>
  </datafield>
  <datafield tag="952" ind1=" " ind2=" ">
    <subfield code="0">0</subfield>
    <subfield code="1">0</subfield>
    <subfield code="4">0</subfield>
    <subfield code="7">0</subfield>
    <subfield code="a">JRU</subfield>
    <subfield code="c">SHELF-65-I</subfield>
    <subfield code="d">2016-05-31</subfield>
    <subfield code="g">285.00</subfield>
    <subfield code="l">1</subfield>
    <subfield code="o">658.4</subfield>
    <subfield code="p">6299</subfield>
    <subfield code="r">2019-12-13 00:00:00</subfield>
    <subfield code="s">2019-11-22</subfield>
    <subfield code="w">2016-05-31</subfield>
    <subfield code="y">BK</subfield>
  </datafield>
  <datafield tag="952" ind1=" " ind2=" ">
    <subfield code="0">0</subfield>
    <subfield code="1">0</subfield>
    <subfield code="4">0</subfield>
    <subfield code="7">0</subfield>
    <subfield code="8">MANAGEMENT</subfield>
    <subfield code="a">JRU</subfield>
    <subfield code="b">JRU</subfield>
    <subfield code="c">SHELF-65-I</subfield>
    <subfield code="d">2016-05-31</subfield>
    <subfield code="g">285.00</subfield>
    <subfield code="l">1</subfield>
    <subfield code="o">658.4</subfield>
    <subfield code="p">6300</subfield>
    <subfield code="r">2019-10-15 00:00:00</subfield>
    <subfield code="s">2019-10-01</subfield>
    <subfield code="w">2016-05-31</subfield>
    <subfield code="y">BK</subfield>
  </datafield>
  <datafield tag="952" ind1=" " ind2=" ">
    <subfield code="0">0</subfield>
    <subfield code="1">0</subfield>
    <subfield code="4">0</subfield>
    <subfield code="7">0</subfield>
    <subfield code="8">MANAGEMENT</subfield>
    <subfield code="a">JRU</subfield>
    <subfield code="b">JRU</subfield>
    <subfield code="c">SHELF-38-B</subfield>
    <subfield code="d">2016-05-31</subfield>
    <subfield code="g">285.00</subfield>
    <subfield code="l">0</subfield>
    <subfield code="o">658.4</subfield>
    <subfield code="p">6301</subfield>
    <subfield code="r">2016-05-31 00:00:00</subfield>
    <subfield code="w">2016-05-31</subfield>
    <subfield code="y">BK</subfield>
  </datafield>
</record>
